| 000 | 00691nam a2200229 i 4500 | ||
|---|---|---|---|
| 001 | 181336 | ||
| 003 | ES-MaACL | ||
| 005 | 20231009155054.0 | ||
| 008 | 121210s2011 sp | |||||||| | spa d | ||
| 020 | _a978-84-938214-2-5 | ||
| 080 | _a821.134.2-31"19" | ||
| 100 | 1 |
_aLucas Sansón, Francisco. _9188986 |
|
| 245 | 1 | 0 |
_aSalmos del café Viena : _brecuerdosde Pablo Neruda / _cFrancisco Lucas Sansón. |
| 250 | _a1ª ed. | ||
| 260 |
_aMadrid : _bGaraje, _c2011. |
||
| 300 |
_a99 p. ; _c20 cm. |
||
| 490 | 1 | _aDocumentos | |
| 830 | 0 |
_aDocumentos _9177791 |
|
| 852 |
_aES-MaACL _jA-12384 _9188220 _bR.147216 _cDEPO1 _dOlim: N-5389 |
||
| 942 |
_2udc _cMONOGRAFIA |
||
| 999 |
_c181336 _d181336 |
||